1053 1301 1693 1486 1805 1394 1631 1619 1067 1188 1703 1724 1046 1063 1573 1692 1356 1280 1733 1636 1354 1711 1095 1166 1784 1479 1547 1002 1048 1416 1862 1248 1102 1266 1294 1373 1932 1633 1413 1189 1153 1682 1872 1294 1751 1541 1818 1831 1317 1755 1998 1259 1211 1957 1693 1820 1815 1547 1185 1606 1550 1549 1937 1288 1476 1865 1170 1403 1017 1005 1505 1556 1326 1005 1943 1448 1758 1861 1377 1948 1191 1326 1937 1743 1088 1664 1573 1914 1321 1410 1530 1757 1856 1983 1766 1084 1743 1318 1140 BCNSPRNW ULIB Ver.6.0+V

เปลี่ยนเป็นภาษาไทย

Change to English
 แสดงรายละเอียดบรรณานุกรม
  กลับหน้าหลัก

Brief Record : Get Marc (ISO 2709) : E-mail record : QR code < ปิดหน้าต่าง
LEADER : 00000nam 2200000uu 4500
001    13399114333
003     ULIB
008    120321s2552||||th 000 0 tha d
020    ^a9786115000074
090    ^aนว.^bณ410ฟ 2552
100 0  ^aณารา
245 00 ^aไฟฝันวันรัก/^cณารา
250    ^aพิมพ์ครั้งที่ 3
260    ^aกรุงเทพฯ :^bพิมพ์คำ,^c2552
300    ^a402 หน้า
710 1  ^aพิมพ์คำ
945    ^p280^l0^i16306
995    ^aกัณชพร
999    ^aใช้งานได้ทุกระบบ
รายการนี้ยังไม่มีแท็ก
คุณยังไม่ได้ล็อกอิน คุณสามารถมีกิจกรรมร่วมกับเว็บไซต์ได้ แต่ต้องล็อกอินก่อน ::
  ล็อกอิน

รายการสื่อสารสนเทศ

ลำดับที่ ประเภท เลขเรียก/บาร์โค้ด สถานที่ สถานะ
1. นวนิยาย
นวนิยาย
นว. ณ410ฟ 2552  
  Barcode: 16306
ห้องสมุดวิทยาเขตสวรรค์ประชารักษ์
►นวนิยาย
บนชั้น
  ขอยืม

รายการใกล้เคียง
    ผู้แต่ง [ณารา]

BibComment


ยังไม่เคยถูกคอมเมนท์

คอมเมนท์ทรัพยากรรายการนี้
  คอมเมนท์: ไฟฝันวันรัก ณารา


 Copyright 2026. Bcnsprnw @Library